ბათუმის შოთა რუსთაველის სახელმწიფო უნივერსიტეტის ბიბლიოთეკა

საქართველოს ორგანული კანონი საქართველოს საარჩევნო კოდექსი (ბიბ.ჩანაწერი № 54168)

000 -LEADER
fixed length control field 01061nam a2200229Ia 4500
001 - CONTROL NUMBER
control field 21224
003 - CONTROL NUMBER IDENTIFIER
control field GE_BSU
008 - FIXED-LENGTH DATA ELEMENTS--GENERAL INFORMATION
fixed length control field 181216s||||||||xx |||||||||||||| ||und||
040 ## - CATALOGING SOURCE
Transcribing agency GE_BSU
080 ## - UNIVERSAL DECIMAL CLASSIFICATION NUMBER
Universal Decimal Classification number 342.8(479.22)(094.4)
245 ## - TITLE STATEMENT
Title საქართველოს ორგანული კანონი საქართველოს საარჩევნო კოდექსი
245 ## - TITLE STATEMENT
Remainder of title ცვლილებებითა და დამატებებით 2017 წლის 22მარტამდე
260 ## - PUBLICATION, DISTRIBUTION, ETC.
Place of publication, distribution, etc. თბილისი
260 ## - PUBLICATION, DISTRIBUTION, ETC.
Name of publisher, distributor, etc. ბონა კაუზა
260 ## - PUBLICATION, DISTRIBUTION, ETC.
Date of publication, distribution, etc. 2017
300 ## - PHYSICAL DESCRIPTION
Extent 252გვ;20სმ.
653 ## - INDEX TERM--UNCONTROLLED
Uncontrolled term ვლილებებითა და დამატებებით 2017წლის 22 მარტამდე
653 ## - INDEX TERM--UNCONTROLLED
Uncontrolled term სამართალი
653 ## - INDEX TERM--UNCONTROLLED
Uncontrolled term საქართველოს ორგანული კანონი საქართველოს საარჩევნო კოდექსი
942 ## - ADDED ENTRY ELEMENTS (KOHA)
Koha item type წიგნი
ეგზემპლარები
Withdrawn status Lost status Damaged status Not for loan Date acquired Barcode Date last seen Price effective from Koha item type
        2018-12-17 54991 2018-12-17 2018-12-17 წიგნი
        2018-12-17 54992 2018-12-17 2018-12-17 წიგნი